000
00328nam a2200133Ia 4500
005
20251222144920.0
008
251222s9999||||xx |||||||||||||| ||spa||
020
_a
84-398-6049-8
082
_a
294.523.7/S98
100
_a
Bhaktivedanta, A.C.
245
0
_a
Volver a nacer:
264
_b
Bhaktivedanta Book TrĂ¼st
942
_c
LIB
999
_c
22676
_d
22676